00518nam a2200181Ia 4500001001000000003000500010008004100015010001100056040000900067100002000076245008000096260004600176300000900222440004000231650002800271700001900299700001800318Para_4910CHAP220125s1923 xx 000 0 und d a203369 cCHAP aBrooks, Charles aApple scald and its control /c Charles Brooks, J. S. Cooley, D. F. Fisher aWashington :b Department of Agriculture a17 p aEUA. Dept. Agr. Farmers' Bull; 1380 aManzana x Enfermedades aCooley, J. S.  aFisher, D. F.